<?xml version="1.0" encoding="UTF-8" ?>
<collection xmlns="http://www.loc.gov/MARC21/slim"><record><leader>00867nam a2200241   4500</leader><controlfield tag="001">230941</controlfield><controlfield tag="003">CH-000273-5</controlfield><controlfield tag="005">20250721152829.0</controlfield><datafield tag="020" ind1=" " ind2=" "><subfield code="a">978-2-88968-184-6</subfield></datafield><datafield tag="040" ind1=" " ind2=" "><subfield code="a">CH-000273-5</subfield><subfield code="b">ger</subfield><subfield code="e">rda</subfield></datafield><datafield tag="041" ind1="0" ind2=" "><subfield code="a">fre</subfield></datafield><datafield tag="245" ind1="0" ind2="0"><subfield code="a">Bagnoles, altitudes</subfield><subfield code="c">sous la direction de Mélanie Hugon-Duc</subfield></datafield><datafield tag="246" ind1="1" ind2="3"><subfield code="a">Altitudes, bagnoles</subfield></datafield><datafield tag="264" ind1=" " ind2="1"><subfield code="a">Gollion</subfield><subfield code="b">Infolio</subfield><subfield code="c">[2025]</subfield></datafield><datafield tag="300" ind1=" " ind2=" "><subfield code="a">119 Seiten</subfield><subfield code="c">42 cm</subfield></datafield><datafield tag="336" ind1=" " ind2=" "><subfield code="a">Text</subfield><subfield code="b">txt</subfield><subfield code="2">rdacontent</subfield></datafield><datafield tag="337" ind1=" " ind2=" "><subfield code="a">ohne Hilfsmittel zu benutzen</subfield><subfield code="b">n</subfield><subfield code="2">rdamedia</subfield></datafield><datafield tag="338" ind1=" " ind2=" "><subfield code="a">Band</subfield><subfield code="b">nc</subfield><subfield code="2">rdacarrier</subfield></datafield><datafield tag="650" ind1=" " ind2="7"><subfield code="a">Kraftwagen</subfield><subfield code="g">Motiv</subfield><subfield code="x">Straße</subfield><subfield code="g">Motiv</subfield><subfield code="x">Gebirge</subfield><subfield code="g">Motiv</subfield><subfield code="x">Kunst</subfield><subfield code="y">Geschichte 1903-2024</subfield><subfield code="2">gnd</subfield></datafield><datafield tag="655" ind1=" " ind2="7"><subfield code="a">Ausstellungskatalog</subfield><subfield code="x">Musée de Bagnes</subfield><subfield code="y">23.02.2025-16.11.2025</subfield><subfield code="z">Le Châble</subfield><subfield code="2">gnd-content</subfield></datafield><datafield tag="700" ind1="1" ind2=" "><subfield code="a">Hugon-Duc, Mélanie</subfield><subfield code="d">197X-</subfield><subfield code="e">Herausgeber</subfield><subfield code="4">edt</subfield></datafield><datafield tag="710" ind1="2" ind2=" "><subfield code="a">Musée de Bagnes</subfield><subfield code="e">Veranstalter</subfield><subfield code="4">orm</subfield></datafield><datafield tag="852" ind1="4" ind2=" "><subfield code="a">CH-000273-5</subfield><subfield code="c">H 2025/0004</subfield></datafield></record></collection>